[Event "4th Sabbiadoro-Master 2018"]
[Site "Lignano Sabbiadoro"]
[Date "2018.08.05"]
[Round "9.2"]
[White "Nester, Ihor"]
[Black "Ristic, Nenad"]
[Result "0-1"]
[WhiteElo "2305"]
[BlackElo "2356"]
[Annotator "NA"]
[PlyCount "64"]
[EventDate "2018.07.29"]
[EventType "swiss"]
[EventCountry "ITA"]
[SourceTitle "playchess.com"]
[Source "ChessBase"]
[SourceQuality "1"]
[TimeControl "5400+30"]

1. Nf3 {[%emt 0:06:30]} Nf6 {[%emt 0:00:30]} 2. c4 {[%emt 0:00:00]} g6 {[%emt 0:00:30]} 3. d4 {[%emt 0:00:00]} Bg7 {[%emt 0:01:30]} 4. Nc3 {[%emt 0:00:00]} d5 {[%emt 0:00:30]} 5. Qb3 {[%emt 0:01:00]} dxc4 {[%emt 0:00:30]} 6. Qxc4 {[%emt 0:00:00]} O-O {[%emt 0:03:30]} 7. e4 {[%emt 0:01:00]} Be6 {[%emt 0:01:30]} 8. d5 {[%emt 0:00:30]} Bc8 {[%emt 0:00:00]} 9. e5 {[%emt 0:03:30]} Nfd7 {[%emt 0:03:00]} 10. Bf4 {[%emt 0:03:30]} c6 {[%emt 0:02:30]} 11. O-O-O {[%emt 0:24:30]} Nb6 {[%emt 0:10:30]} 12. Qb3 {[%emt 0:01:30]} cxd5 {[%emt 0:01:30]} 13. Nxd5 {[%emt 0:00:30]} Nxd5 {[%emt 0:01:30]} 14. Qxd5 {[%emt 0:00:30]} Qb6 {[%emt 0:02:30]} 15. Qd4 {[%emt 0:00:30]} Qa5 {[%emt 0:03:30]} 16. Kb1 {[%emt 0:03:30]} Nc6 {[%emt 0:02:30]} 17. Qc3 {[%emt 0:01:30]} Qa4 {[%emt 0:06:30]} 18. Bc4 {[%emt 0:00:30]} Bf5+ {[%emt 0:03:30]} 19. Ka1 {[%emt 0:00:30]} Rac8 {[%emt 0:01:30]} 20. Qb3 {[%emt 0:01:30]} Qa5 {[%emt 0:05:30]} 21. Bxf7+ {[%emt 0:14:30]} Rxf7 {[%emt 0:10:30]} 22. Ng5 {[%emt 0:00:30]} Rcf8 {[%emt 0:02:30]} 23. Nxf7 {[%emt 0:01:30]} Rxf7 {[%emt 0:00:30]} 24. Qxb7 {[%emt 0:00:30]} Nb4 {[%emt 0:02:30]} 25. a3 {[%emt 0:00:30]} Nc2+ {[%emt 0:00:30]} 26. Ka2 {[%emt 0:00:30]} Be6+ {[%emt 0:00:30]} 27. Kb1 {[%emt 0:00:30]} Rxf4 {[%emt 0:00:30]} 28. Kxc2 {[%emt 0:00:30]} Bf5+ {[%emt 0:01:30]} 29. Kb3 {[%emt 0:00:00]} Be6+ {[%emt 0:00:30]} 30. Kc2 {[%emt 0:00:00]} Rxf2+ {[%emt 0:00:30]} 31. Kb1 {[%emt 0:00:30]} Bxe5 {[%emt 0:00:30]} 32. Qxe7 {[%emt 0:00:30]} Rxb2+ {[%emt 0:00:00]} 0-1

[Event "4th Sabbiadoro-Master 2018"]
[Site "Lignano Sabbiadoro"]
[Date "2018.08.05"]
[Round "9.3"]
[White "Siclari, Giovanni"]
[Black "Damia, Angelo"]
[Result "0-1"]
[WhiteElo "2185"]
[BlackElo "2313"]
[Annotator "NA"]
[PlyCount "102"]
[EventDate "2018.07.29"]
[EventType "swiss"]
[EventCountry "ITA"]
[SourceTitle "playchess.com"]
[Source "ChessBase"]
[SourceQuality "1"]
[TimeControl "5400+30"]

1. Nf3 {[%emt 0:14:30]} d5 {[%emt 0:00:30]} 2. d4 {[%emt 0:00:00]} Nf6 {[%emt 0:00:30]} 3. c4 {[%emt 0:00:00]} e6 {[%emt 0:00:30]} 4. Nc3 {[%emt 0:00:00]} c6 {[%emt 0:03:30]} 5. Bg5 {[%emt 0:00:00]} Bb4 {[%emt 0:00:00]} 6. cxd5 {[%emt 0:03:30]} exd5 {[%emt 0:00:00]} 7. Qc2 {[%emt 0:01:30]} h6 {[%emt 0:01:30]} 8. Bh4 {[%emt 0:09:30]} g5 {[%emt 0:01:30]} 9. Bg3 {[%emt 0:00:30]} Ne4 {[%emt 0:00:30]} 10. Nd2 {[%emt 0:00:30]} Nxg3 {[%emt 0:03:30]} 11. hxg3 {[%emt 0:00:30]} Qf6 {[%emt 0:00:30]} 12. e3 {[%emt 0:01:30]} Bf5 {[%emt 0:00:30]} 13. Qb3 {[%emt 0:01:30]} Qe7 {[%emt 0:00:30]} 14. Be2 {[%emt 0:02:30]} Kf8 {[%emt 0:03:30]} 15. a3 {[%emt 0:02:30]} Bd6 {[%emt 0:01:30]} 16. Rc1 {[%emt 0:09:30]} Kg7 {[%emt 0:06:30]} 17. g4 {[%emt 0:04:30]} Bc8 {[%emt 0:03:30]} 18. Qc2 {[%emt 0:05:30]} Nd7 {[%emt 0:00:30]} 19. e4 {[%emt 0:09:30]} dxe4 {[%emt 0:04:30]} 20. Qxe4 {[%emt 0:00:30]} Nf6 {[%emt 0:01:30]} 21. Qxe7 {[%emt 0:00:00]} Bxe7 {[%emt 0:00:30]} 22. f3 {[%emt 0:00:00]} Rd8 {[%emt 0:00:30]} 23. Nb3 {[%emt 0:02:30]} Be6 {[%emt 0:01:30]} 24. Nc5 {[%emt 0:00:30]} Rxd4 {[%emt 0:04:30]} 25. Nxb7 {[%emt 0:01:30]} a5 {[%emt 0:00:30]} 26. Nd1 {[%emt 0:01:30]} Bd5 {[%emt 0:03:30]} 27. Nc5 {[%emt 0:00:30]} Bxc5 {[%emt 0:05:30]} 28. Rxc5 {[%emt 0:00:30]} Re8 {[%emt 0:00:30]} 29. Rc2 {[%emt 0:02:30]} Bb3 {[%emt 0:06:30]} 30. Rd2 {[%emt 0:00:30]} c5 {[%emt 0:00:30]} 31. Rxd4 {[%emt 0:05:30]} cxd4 {[%emt 0:00:00]} 32. Kd2 {[%emt 0:00:30]} Nd5 {[%emt 0:02:00]} 33. g3 {[%emt 0:01:30]} Rb8 {[%emt 0:06:30]} 34. Nf2 {[%emt 0:01:30]} Ne3 {[%emt 0:00:30]} 35. Rc1 {[%emt 0:10:43]} Bd5 {[%emt 0:00:30]} 36. Nd3 {[%emt 0:00:22]} Nc4+ {[%emt 0:03:30]} 37. Kc2 {[%emt 0:00:17]} Re8 {[%emt 0:00:30]} 38. Kd1 {[%emt 0:00:21]} Re3 {[%emt 0:00:30]} 39. b4 {[%emt 0:01:50]} Bxf3 {[%emt 0:01:30]} 40. Bxf3 {[%emt 0:00:17]} Rxd3+ {[%emt 0:00:30]} 41. Ke2 {[%emt 0:00:09]} Re3+ {[%emt 0:02:30]} 42. Kf2 {[%emt 0:00:06]} Ne5 {[%emt 0:00:00]} 43. Be2 {[%emt 0:01:04]} axb4 {[%emt 0:03:00]} 44. axb4 {[%emt 0:00:18]} Rb3 {[%emt 0:00:30]} 45. Rc5 {[%emt 0:01:00]} Kf6 {[%emt 0:00:00]} 46. b5 {[%emt 0:00:09]} Rb2 {[%emt 0:01:00]} 47. Ke1 {[%emt 0:00:06]} d3 {[%emt 0:01:30]} 48. Bd1 {[%emt 0:00:10]} Ke6 {[%emt 0:00:00]} 49. Rc8 {[%emt 0:01:38]} Rxb5 {[%emt 0:00:00]} 50. Rh8 {[%emt 0:00:03]} Kd5 {[%emt 0:01:30]} 51. Rxh6 {[%emt 0:00:04]} Kd4 {[%emt 0:00:30]} 0-1

[Event "4th Sabbiadoro-Master 2018"]
[Site "Lignano Sabbiadoro"]
[Date "2018.08.05"]
[Round "9.4"]
[White "Brankovic, Dejan"]
[Black "Sgnaolin, Davide"]
[Result "1-0"]
[WhiteElo "2377"]
[BlackElo "2267"]
[Annotator "NA"]
[PlyCount "57"]
[EventDate "2018.07.29"]
[EventType "swiss"]
[EventCountry "ITA"]
[SourceTitle "playchess.com"]
[Source "ChessBase"]
[SourceQuality "1"]
[TimeControl "5400+30"]

1. e4 {[%emt 0:00:30]} c5 {[%emt 0:00:30]} 2. Nf3 {[%emt 0:00:00]} Nc6 {[%emt 0:00:00]} 3. Bb5 {[%emt 0:01:00]} g6 {[%emt 0:00:00]} 4. Bxc6 {[%emt 0:00:00]} dxc6 {[%emt 0:00:30]} 5. O-O {[%emt 0:00:00]} Bg7 {[%emt 0:00:30]} 6. d3 {[%emt 0:00:30]} Nf6 {[%emt 0:01:30]} 7. h3 {[%emt 0:00:30]} Nd7 {[%emt 0:05:30]} 8. Nc3 {[%emt 0:00:30]} e5 {[%emt 0:00:30]} 9. Be3 {[%emt 0:00:30]} Qe7 {[%emt 0:02:30]} 10. Qd2 {[%emt 0:00:00]} h6 {[%emt 0:00:30]} 11. Nh2 {[%emt 0:01:00]} Nf8 {[%emt 0:03:30]} 12. f4 {[%emt 0:00:00]} exf4 {[%emt 0:00:30]} 13. Bxf4 {[%emt 0:00:00]} Ne6 {[%emt 0:08:30]} 14. Bg3 {[%emt 0:00:30]} Nd4 {[%emt 0:13:30]} 15. Rae1 {[%emt 0:05:30]} Be6 {[%emt 0:06:30]} 16. e5 {[%emt 0:11:30]} O-O-O {[%emt 0:04:30]} 17. Ne4 {[%emt 0:05:30]} Nf5 {[%emt 0:06:30]} 18. Bf2 {[%emt 0:03:30]} Bxe5 {[%emt 0:06:30]} 19. Nxc5 {[%emt 0:04:30]} Qc7 {[%emt 0:05:30]} 20. Nf3 {[%emt 0:02:30]} Bf4 {[%emt 0:02:30]} 21. Qb4 {[%emt 0:04:30]} Bd6 {[%emt 0:12:48]} 22. Qa4 {[%emt 0:04:30]} Bxc5 {[%emt 0:01:58]} 23. Bxc5 {[%emt 0:00:30]} b6 {[%emt 0:00:06]} 24. Be3 {[%emt 0:10:30]} Nxe3 {[%emt 0:01:46]} 25. Rxe3 {[%emt 0:00:30]} Rd5 {[%emt 0:03:44]} 26. Nd4 {[%emt 0:04:30]} Rd6 {[%emt 0:07:53]} 27. Nxe6 {[%emt 0:01:30]} Rxe6 {[%emt 0:00:23]} 28. Rxe6 {[%emt 0:00:30]} fxe6 {[%emt 0:00:01]} 29. Qe4 {[%emt 0:01:30]} 1-0

[Event "4th Sabbiadoro-Master 2018"]
[Site "Lignano Sabbiadoro"]
[Date "2018.08.05"]
[Round "9.5"]
[White "Zuttioni, Federico"]
[Black "Micottis, Dorian"]
[Result "1-0"]
[WhiteElo "2141"]
[BlackElo "2279"]
[Annotator "NA"]
[PlyCount "119"]
[EventDate "2018.07.29"]
[EventType "swiss"]
[EventCountry "ITA"]
[SourceTitle "playchess.com"]
[Source "ChessBase"]
[SourceQuality "1"]
[TimeControl "5400+30"]

1. d4 {[%emt 0:00:30]} Nf6 {[%emt 0:00:30]} 2. Nf3 {[%emt 0:00:00]} g6 {[%emt 0:00:00]} 3. Bf4 {[%emt 0:00:00]} Bg7 {[%emt 0:00:00]} 4. Qc1 {[%emt 0:00:30]} c5 {[%emt 0:05:30]} 5. c3 {[%emt 0:00:30]} d6 {[%emt 1:26:30]} 6. g3 {[%emt 0:09:30]} Nc6 {[%emt 0:00:00]} 7. dxc5 {[%emt 0:06:30]} dxc5 {[%emt 0:00:00]} 8. Bg2 {[%emt 0:00:30]} O-O {[%emt 0:00:00]} 9. O-O {[%emt 0:00:30]} Bg4 {[%emt 0:00:00]} 10. h3 {[%emt 0:06:30]} Be6 {[%emt 0:00:00]} 11. Na3 {[%emt 0:12:30]} Qc8 {[%emt 0:00:00]} 12. Kh2 {[%emt 0:01:30]} Rd8 {[%emt 0:00:00]} 13. Ng5 {[%emt 0:12:30]} Bd7 {[%emt 0:00:00]} 14. Rd1 {[%emt 0:02:30]} h6 {[%emt 0:00:00]} 15. Nf3 {[%emt 0:00:30]} g5 {[%emt 0:00:00]} 16. Be3 {[%emt 0:01:30]} b6 {[%emt 0:00:00]} 17. Nc4 {[%emt 0:06:30]} Qc7 {[%emt 0:00:00]} 18. Bd2 {[%emt 0:02:30]} Bf5 {[%emt 0:00:00]} 19. Be1 {[%emt 0:03:30]} Be4 {[%emt 0:00:00]} 20. a4 {[%emt 0:04:30]} Rxd1 {[%emt 0:00:00]} 21. Qxd1 {[%emt 0:02:30]} Rd8 {[%emt 0:00:00]} 22. Qb3 {[%emt 0:05:30]} Bd5 {[%emt 0:00:00]} 23. Nfd2 {[%emt 0:00:31]} Na5 {[%emt 0:00:00]} 24. Qb5 {[%emt 0:00:29]} Bxg2 {[%emt 0:00:00]} 25. Kxg2 {[%emt 0:02:40]} Nb7 {[%emt 0:00:00]} 26. a5 {[%emt 0:00:41]} bxa5 {[%emt 0:00:00]} 27. Nxa5 {[%emt 0:00:47]} Nd6 {[%emt 0:00:00]} 28. Qa6 {[%emt 0:03:31]} Rb8 {[%emt 0:00:00]} 29. Nac4 {[%emt 0:01:15]} Rb7 {[%emt 0:00:00]} 30. f3 {[%emt 0:00:52]} Nd7 {[%emt 0:00:00]} 31. g4 {[%emt 0:01:51]} Nb8 {[%emt 0:01:48]} 32. Qa5 {[%emt 0:00:39]} Qxa5 {[%emt 0:01:29]} 33. Rxa5 {[%emt 0:00:13]} Nd7 {[%emt 0:00:04]} 34. Bg3 {[%emt 0:02:32]} Bf8 {[%emt 0:01:17]} 35. e4 {[%emt 0:04:19]} Nb6 {[%emt 0:04:54]} 36. Bxd6 {[%emt 0:00:29]} Nxc4 {[%emt 0:00:50]} 37. Nxc4 {[%emt 0:00:15]} exd6 {[%emt 0:00:01]} 38. Kf2 {[%emt 0:00:47]} Kg7 {[%emt 0:00:24]} 39. Ra6 {[%emt 0:00:15]} f6 {[%emt 0:01:32]} 40. Ke3 {[%emt 0:00:32]} Rd7 {[%emt 0:00:44]} 41. Kd3 {[%emt 0:02:23]} d5 {[%emt 0:00:32]} 42. exd5 {[%emt 0:00:07]} Rxd5+ {[%emt 0:00:03]} 43. Ke4 {[%emt 0:00:18]} Rd7 {[%emt 0:00:20]} 44. Kf5 {[%emt 0:00:45]} Be7 {[%emt 0:00:23]} 45. Ke6 {[%emt 0:00:25]} Rb7 {[%emt 0:00:40]} 46. Ne3 {[%emt 0:01:25]} Bd8 {[%emt 0:00:47]} 47. Nf5+ {[%emt 0:00:38]} Kg6 {[%emt 0:00:15]} 48. Rd6 {[%emt 0:00:33]} Bb6 {[%emt 0:02:25]} 49. Rd7 {[%emt 0:01:07]} Rxd7 {[%emt 0:00:03]} 50. Kxd7 {[%emt 0:00:01]} h5 {[%emt 0:00:16]} 51. Ke6 {[%emt 0:00:21]} hxg4 {[%emt 0:00:13]} 52. hxg4 {[%emt 0:00:07]} Bc7 {[%emt 0:00:46]} 53. c4 {[%emt 0:00:27]} a5 {[%emt 0:00:23]} 54. b3 {[%emt 0:00:11]} Be5 {[%emt 0:00:04]} 55. Ne7+ {[%emt 0:01:01]} Kg7 {[%emt 0:00:15]} 56. Nd5 {[%emt 0:00:29]} Kg6 {[%emt 0:00:19]} 57. Nb6 {[%emt 0:00:29]} Bc3 {[%emt 0:00:53]} 58. Nd7 {[%emt 0:00:20]} Bd4 {[%emt 0:00:04]} 59. Kd5 {[%emt 0:00:10]} f5 {[%emt 0:00:10]} 60. Nxc5 {[%emt 0:00:15]} 1-0

[Event "4th Sabbiadoro-Master 2018"]
[Site "Lignano Sabbiadoro"]
[Date "2018.08.05"]
[Round "9.6"]
[White "Migliorini, Matteo"]
[Black "Peric, Slavisa"]
[Result "1/2-1/2"]
[WhiteElo "2130"]
[BlackElo "2120"]
[Annotator "NA"]
[PlyCount "79"]
[EventDate "2018.07.29"]
[EventType "swiss"]
[EventCountry "ITA"]
[SourceTitle "playchess.com"]
[Source "ChessBase"]
[SourceQuality "1"]
[TimeControl "5400+30"]

1. e4 {[%emt 0:00:30]} e6 {[%emt 0:05:30]} 2. d4 {[%emt 0:00:00]} d5 {[%emt 0:00:30]} 3. Bd3 {[%emt 0:00:00]} dxe4 {[%emt 0:01:30]} 4. Bxe4 {[%emt 0:00:30]} Nf6 {[%emt 0:00:00]} 5. Bf3 {[%emt 0:00:00]} c5 {[%emt 0:00:00]} 6. Ne2 {[%emt 0:00:00]} Nc6 {[%emt 0:01:30]} 7. Be3 {[%emt 0:00:00]} cxd4 {[%emt 0:00:30]} 8. Nxd4 {[%emt 0:00:00]} Ne5 {[%emt 0:01:30]} 9. Nc3 {[%emt 0:02:30]} a6 {[%emt 0:08:30]} 10. O-O {[%emt 0:02:30]} Nc4 {[%emt 0:06:30]} 11. Qe2 {[%emt 0:06:30]} Nxe3 {[%emt 0:06:30]} 12. Qxe3 {[%emt 0:03:30]} Be7 {[%emt 0:16:30]} 13. Rad1 {[%emt 0:00:30]} Qc7 {[%emt 0:00:30]} 14. Na4 {[%emt 0:17:30]} Bd7 {[%emt 0:01:30]} 15. Qb3 {[%emt 0:01:30]} O-O {[%emt 0:07:30]} 16. Rfe1 {[%emt 0:08:30]} Bd6 {[%emt 0:10:30]} 17. Nb6 {[%emt 0:04:30]} Rad8 {[%emt 0:00:30]} 18. g3 {[%emt 0:01:30]} Bc5 {[%emt 0:00:30]} 19. Nxd7 {[%emt 0:01:30]} Rxd7 {[%emt 0:00:30]} 20. Ne2 {[%emt 0:05:30]} Rfd8 {[%emt 0:04:30]} 21. Nf4 {[%emt 0:00:30]} Rxd1 {[%emt 0:07:04]} 22. Rxd1 {[%emt 0:00:30]} Rxd1+ {[%emt 0:00:14]} 23. Bxd1 {[%emt 0:00:00]} b5 {[%emt 0:00:09]} 24. Qf3 {[%emt 0:04:00]} Qa7 {[%emt 0:02:16]} 25. Nd3 {[%emt 0:00:30]} Bb6 {[%emt 0:00:21]} 26. Qc6 {[%emt 0:01:30]} g6 {[%emt 0:00:10]} 27. Bf3 {[%emt 0:01:30]} Kg7 {[%emt 0:00:29]} 28. Kg2 {[%emt 0:01:30]} Nd7 {[%emt 0:02:05]} 29. Qb7 {[%emt 0:01:30]} Nc5 {[%emt 0:02:08]} 30. Nxc5 {[%emt 0:00:30]} Bxc5 {[%emt 0:00:08]} 31. Qxa7 {[%emt 0:00:30]} Bxa7 {[%emt 0:00:19]} 32. b4 {[%emt 0:05:30]} Bb6 {[%emt 0:00:20]} 33. c3 {[%emt 0:01:30]} a5 {[%emt 0:00:10]} 34. Bc6 {[%emt 0:00:30]} axb4 {[%emt 0:00:10]} 35. cxb4 {[%emt 0:00:00]} Bd4 {[%emt 0:00:25]} 36. Bxb5 {[%emt 0:00:00]} Bc3 {[%emt 0:00:06]} 37. a3 {[%emt 0:00:30]} Bb2 {[%emt 0:00:08]} 38. a4 {[%emt 0:00:30]} Bc3 {[%emt 0:00:28]} 39. a5 {[%emt 0:00:30]} Bxb4 {[%emt 0:00:11]} 40. a6 {[%emt 0:00:00]} 1/2-1/2

[Event "4th Sabbiadoro-Master 2018"]
[Site "Lignano Sabbiadoro"]
[Date "2018.08.05"]
[Round "9.7"]
[White "Favilli, Edoardo"]
[Black "Medici, Simone"]
[Result "1-0"]
[WhiteElo "2116"]
[BlackElo "2286"]
[Annotator "NA"]
[PlyCount "125"]
[EventDate "2018.07.29"]
[EventType "swiss"]
[EventCountry "ITA"]
[SourceTitle "playchess.com"]
[Source "ChessBase"]
[SourceQuality "1"]
[TimeControl "5400+30"]

1. e4 {[%emt 0:07:30]} e5 {[%emt 0:00:30]} 2. Nf3 {[%emt 0:00:30]} Nf6 {[%emt 0:00:30]} 3. Nxe5 {[%emt 0:00:30]} d6 {[%emt 0:00:00]} 4. Nf3 {[%emt 0:00:00]} Nxe4 {[%emt 0:00:00]} 5. Nc3 {[%emt 0:00:00]} Nf6 {[%emt 0:01:30]} 6. d4 {[%emt 0:00:30]} d5 {[%emt 0:06:30]} 7. Bg5 {[%emt 0:04:30]} Be7 {[%emt 0:02:30]} 8. Qd2 {[%emt 0:01:30]} Ne4 {[%emt 0:05:30]} 9. Bxe7 {[%emt 0:11:30]} Qxe7 {[%emt 0:03:30]} 10. Nxe4 {[%emt 0:00:30]} dxe4 {[%emt 0:00:30]} 11. Ne5 {[%emt 0:02:30]} Nd7 {[%emt 0:11:30]} 12. Nxd7 {[%emt 0:23:30]} Bxd7 {[%emt 0:00:30]} 13. O-O-O {[%emt 0:00:30]} O-O-O {[%emt 0:02:30]} 14. Bc4 {[%emt 0:03:30]} f5 {[%emt 0:04:30]} 15. Rhe1 {[%emt 0:04:30]} Rhe8 {[%emt 0:01:30]} 16. Re3 {[%emt 0:08:30]} Qd6 {[%emt 0:09:30]} 17. g3 {[%emt 0:04:30]} Kb8 {[%emt 0:13:30]} 18. Ra3 {[%emt 0:05:37]} Bc8 {[%emt 0:07:30]} 19. Qa5 {[%emt 0:03:03]} Qb6 {[%emt 0:02:30]} 20. Qc3 {[%emt 0:00:35]} Re7 {[%emt 0:02:30]} 21. Qe3 {[%emt 0:04:21]} Red7 {[%emt 0:02:30]} 22. c3 {[%emt 0:00:16]} Qc6 {[%emt 0:06:02]} 23. Bb3 {[%emt 0:01:00]} Rd6 {[%emt 0:02:19]} 24. Ba4 {[%emt 0:07:19]} Qb6 {[%emt 0:00:50]} 25. Bb3 {[%emt 0:00:42]} a6 {[%emt 0:02:23]} 26. Ra4 {[%emt 0:00:23]} c6 {[%emt 0:03:56]} 27. Rc4 {[%emt 0:01:35]} Be6 {[%emt 0:01:01]} 28. Rb4 {[%emt 0:00:34]} Qc7 {[%emt 0:00:21]} 29. Bxe6 {[%emt 0:01:29]} Rxe6 {[%emt 0:00:01]} 30. h4 {[%emt 0:02:01]} Red6 {[%emt 0:01:42]} 31. Rc4 {[%emt 0:00:35]} Rd5 {[%emt 0:00:44]} 32. Rc5 {[%emt 0:01:27]} g6 {[%emt 0:04:30]} 33. Rxd5 {[%emt 0:00:09]} Rxd5 {[%emt 0:00:06]} 34. c4 {[%emt 0:00:17]} Rd7 {[%emt 0:00:26]} 35. b3 {[%emt 0:00:38]} Ka8 {[%emt 0:00:26]} 36. Kb2 {[%emt 0:00:17]} Qd8 {[%emt 0:00:41]} 37. Rd2 {[%emt 0:00:22]} Qh8 {[%emt 0:00:33]} 38. Qc3 {[%emt 0:00:33]} Qd8 {[%emt 0:00:31]} 39. Qe3 {[%emt 0:00:23]} Rd6 {[%emt 0:00:23]} 40. a3 {[%emt 0:00:17]} Qa5 {[%emt 0:01:15]} 41. Qc3 {[%emt 0:00:41]} Qc7 {[%emt 0:00:46]} 42. Kc2 {[%emt 0:00:37]} Qf7 {[%emt 0:01:38]} 43. Qe3 {[%emt 0:01:14]} Qf8 {[%emt 0:00:32]} 44. Kb2 {[%emt 0:00:16]} h6 {[%emt 0:00:19]} 45. d5 {[%emt 0:00:46]} Qf6+ {[%emt 0:00:40]} 46. Qc3 {[%emt 0:00:12]} Qd8 {[%emt 0:00:42]} 47. Qe5 {[%emt 0:00:08]} cxd5 {[%emt 0:00:40]} 48. Rxd5 {[%emt 0:00:07]} Qf6 {[%emt 0:00:31]} 49. Qxf6 {[%emt 0:00:46]} Rxf6 {[%emt 0:00:01]} 50. Kc3 {[%emt 0:00:22]} Kb8 {[%emt 0:00:17]} 51. Kd4 {[%emt 0:00:06]} h5 {[%emt 0:01:07]} 52. Ke5 {[%emt 0:00:15]} Rb6 {[%emt 0:00:10]} 53. b4 {[%emt 0:00:07]} Kc7 {[%emt 0:00:13]} 54. b5 {[%emt 0:00:58]} axb5 {[%emt 0:00:58]} 55. cxb5 {[%emt 0:00:07]} Kc8 {[%emt 0:00:42]} 56. a4 {[%emt 0:00:07]} g5 {[%emt 0:00:32]} 57. hxg5 {[%emt 0:00:18]} Rg6 {[%emt 0:00:30]} 58. Kxf5 {[%emt 0:00:10]} Rg8 {[%emt 0:00:09]} 59. Kxe4 {[%emt 0:00:12]} Rh8 {[%emt 0:00:40]} 60. g6 {[%emt 0:00:19]} h4 {[%emt 0:00:29]} 61. gxh4 {[%emt 0:00:08]} Rxh4+ {[%emt 0:00:03]} 62. f4 {[%emt 0:00:08]} b6 {[%emt 0:00:29]} 63. g7 {[%emt 0:00:06]} 1-0

[Event "4th Sabbiadoro-Master 2018"]
[Site "Lignano Sabbiadoro"]
[Date "2018.08.05"]
[Round "9.8"]
[White "Olivetti, Davide"]
[Black "Ventura, Salvatore"]
[Result "0-1"]
[WhiteElo "2234"]
[BlackElo "2185"]
[Annotator "NA"]
[PlyCount "56"]
[EventDate "2018.07.29"]
[EventType "swiss"]
[EventCountry "ITA"]
[SourceTitle "playchess.com"]
[Source "ChessBase"]
[SourceQuality "1"]
[TimeControl "5400+30"]

1. e4 {[%emt 0:03:30]} c5 {[%emt 0:00:30]} 2. Nf3 {[%emt 0:00:00]} Nc6 {[%emt 0:00:30]} 3. Nc3 {[%emt 0:00:00]} Qb6 {[%emt 0:00:00]} 4. g3 {[%emt 0:02:30]} e6 {[%emt 0:01:00]} 5. Bg2 {[%emt 0:01:30]} g6 {[%emt 0:03:30]} 6. O-O {[%emt 0:03:30]} Bg7 {[%emt 0:00:30]} 7. b3 {[%emt 0:05:30]} Nge7 {[%emt 0:02:30]} 8. Bb2 {[%emt 0:00:30]} Nd4 {[%emt 0:02:30]} 9. e5 {[%emt 0:05:30]} Nec6 {[%emt 0:14:30]} 10. Ne4 {[%emt 0:16:30]} Nxe5 {[%emt 0:04:30]} 11. Nxd4 {[%emt 0:01:30]} cxd4 {[%emt 0:01:30]} 12. Ba3 {[%emt 0:00:30]} Bf8 {[%emt 0:11:30]} 13. Nf6+ {[%emt 0:01:30]} Kd8 {[%emt 0:00:30]} 14. Bxf8 {[%emt 0:01:30]} Rxf8 {[%emt 0:00:00]} 15. f4 {[%emt 0:08:30]} d3+ {[%emt 0:07:00]} 16. Kh1 {[%emt 0:01:30]} dxc2 {[%emt 0:00:00]} 17. Qxc2 {[%emt 0:00:30]} Nc6 {[%emt 0:00:00]} 18. Nxh7 {[%emt 0:02:30]} Rh8 {[%emt 0:00:30]} 19. Ng5 {[%emt 0:00:30]} Ke7 {[%emt 0:03:30]} 20. d4 {[%emt 0:07:30]} d5 {[%emt 0:09:30]} 21. Rae1 {[%emt 0:05:30]} Nxd4 {[%emt 0:13:30]} 22. Qb2 {[%emt 0:03:30]} f6 {[%emt 0:01:30]} 23. Qa3+ {[%emt 0:03:30]} Ke8 {[%emt 0:00:00]} 24. Nxe6 {[%emt 0:03:30]} Bxe6 {[%emt 0:01:00]} 25. f5 {[%emt 0:00:30]} gxf5 {[%emt 0:02:57]} 26. Bxd5 {[%emt 0:01:40]} Kf7 {[%emt 0:00:58]} 27. Bxe6+ {[%emt 0:01:14]} Nxe6 {[%emt 0:00:08]} 28. Rxf5 {[%emt 0:00:34]} Qc6+ {[%emt 0:01:50]} 0-1

[Event "4th Sabbiadoro-Master 2018"]
[Site "Lignano Sabbiadoro"]
[Date "2018.08.05"]
[Round "9.9"]
[White "Grigorian, Roudolph"]
[Black "Simonetto, Andrea"]
[Result "1/2-1/2"]
[WhiteElo "2154"]
[BlackElo "2173"]
[Annotator "NA"]
[PlyCount "71"]
[EventDate "2018.07.29"]
[EventType "swiss"]
[EventCountry "ITA"]
[SourceTitle "playchess.com"]
[Source "ChessBase"]
[SourceQuality "1"]
[TimeControl "5400+30"]

1. d4 {[%emt 0:00:30]} d5 {[%emt 0:00:30]} 2. Bf4 {[%emt 0:00:00]} Nf6 {[%emt 0:00:00]} 3. Nf3 {[%emt 0:00:00]} e6 {[%emt 0:00:00]} 4. e3 {[%emt 0:00:00]} Bd6 {[%emt 0:00:00]} 5. Bg3 {[%emt 0:00:00]} O-O {[%emt 0:00:00]} 6. Nbd2 {[%emt 0:00:00]} c5 {[%emt 0:00:30]} 7. c3 {[%emt 0:00:00]} b6 {[%emt 0:00:30]} 8. Bd3 {[%emt 0:00:30]} Ba6 {[%emt 0:01:30]} 9. Bxa6 {[%emt 0:01:30]} Nxa6 {[%emt 0:00:30]} 10. O-O {[%emt 0:00:30]} Nb8 {[%emt 0:03:30]} 11. Ne5 {[%emt 0:00:00]} Qc7 {[%emt 0:00:30]} 12. f4 {[%emt 0:01:00]} Nc6 {[%emt 0:00:30]} 13. Qf3 {[%emt 0:02:30]} cxd4 {[%emt 0:01:30]} 14. cxd4 {[%emt 0:01:30]} Ne7 {[%emt 0:01:30]} 15. Bh4 {[%emt 0:05:30]} Nf5 {[%emt 0:01:30]} 16. Bxf6 {[%emt 0:04:30]} gxf6 {[%emt 0:00:00]} 17. Rac1 {[%emt 0:00:30]} Qe7 {[%emt 0:02:00]} 18. Nd3 {[%emt 0:03:30]} Bb4 {[%emt 0:02:30]} 19. Nb1 {[%emt 0:05:30]} Rfc8 {[%emt 0:03:30]} 20. g4 {[%emt 0:01:30]} Ng7 {[%emt 0:01:30]} 21. a3 {[%emt 0:05:30]} Bd6 {[%emt 0:00:30]} 22. Nc3 {[%emt 0:00:00]} Bxa3 {[%emt 0:06:30]} 23. bxa3 {[%emt 0:24:00]} Qxa3 {[%emt 0:00:30]} 24. f5 {[%emt 0:00:00]} Rxc3 {[%emt 0:01:30]} 25. fxe6 {[%emt 0:01:00]} fxe6 {[%emt 0:05:30]} 26. Rxc3 {[%emt 0:06:30]} Qxc3 {[%emt 0:00:00]} 27. Qxf6 {[%emt 0:00:30]} h6 {[%emt 0:01:00]} 28. Qf7+ {[%emt 0:11:30]} Kh7 {[%emt 0:01:30]} 29. Ne5 {[%emt 0:02:30]} Qxe3+ {[%emt 0:00:30]} 30. Kg2 {[%emt 0:00:30]} Qe4+ {[%emt 0:00:30]} 31. Kg3 {[%emt 0:01:30]} Rc8 {[%emt 0:06:30]} 32. Rf3 {[%emt 0:08:03]} Qe1+ {[%emt 0:03:30]} 33. Kh3 {[%emt 0:01:40]} Rc3 {[%emt 0:00:30]} 34. Qg6+ {[%emt 0:01:52]} Kg8 {[%emt 0:00:30]} 35. Qf7+ {[%emt 0:04:00]} Kh7 {[%emt 0:00:00]} 36. Qg6+ {[%emt 0:02:43]} 1/2-1/2